1385 1416 1539 1520 1528 1371 1850 1125 1822 1858 1147 1000 1323 1217 1684 1431 1847 1387 1807 1148 1122 1765 1067 1488 1937 1632 1353 1211 1283 1746 1783 1036 1023 1015 1329 1166 1684 1424 1822 1640 1257 1841 1905 1286 1480 1154 1209 1892 1614 1064 1070 1396 1161 1505 1732 1740 1417 1600 1633 1509 1920 1375 1855 1362 1174 1412 1657 1999 1628 1800 1648 1349 1121 1385 1836 1868 1558 1884 1509 1881 1672 1928 1100 1145 1429 1088 1486 1140 1387 1362 1420 1978 1472 1390 1106 1665 1564 1105 1518 BCNSPRNW ULIB Ver.6.0+V

เปลี่ยนเป็นภาษาไทย

Change to English
 แสดงรายละเอียดบรรณานุกรม
  กลับหน้าหลัก

Brief Record : Get Marc (ISO 2709) : E-mail record : QR code < ปิดหน้าต่าง
LEADER : 00000nam 2200000uu 4500
001    13399110932
003     ULIB
008    110613s||||||||th 000 0 tha d
020    9749183320
050  4 AC158^bค341ด 2004
100    คาโรล สต๊อต
245    เด็กๆรู้ไหมทำไมดาวกะพริบแสง /^cผู้แต่ง คาโรล สต๊อต
260    กรุงเทพฯ : ^bโกรเลียร์ อินเตอร์เนชั่นแนล, ^c2004
300    32 หน้า : ^bภาพประกอบสี ; ^c28 ซม.
650  7 ความรู้รอบตัว
650  7 ดาว
945    ^p350^l0^i029028
995    ทศพร
999 ^a ใช้งานได้ทุกระบบ
รายการนี้ยังไม่มีแท็ก
คุณยังไม่ได้ล็อกอิน คุณสามารถมีกิจกรรมร่วมกับเว็บไซต์ได้ แต่ต้องล็อกอินก่อน ::
  ล็อกอิน

รายการสื่อสารสนเทศ

ลำดับที่ ประเภท เลขเรียก/บาร์โค้ด สถานที่ สถานะ
- ไม่พบข้อมูล -

รายการใกล้เคียง
    หัวเรื่อง [ความรู้รอบตัว]
    หัวเรื่อง [ดาว]

BibComment


ยังไม่เคยถูกคอมเมนท์

คอมเมนท์ทรัพยากรรายการนี้
  คอมเมนท์: เด็กๆรู้ไหมทำไมดา..


 Copyright 2026. Bcnsprnw @Library